Statistics for US Cities By Population Decline

Click here to take the quiz!

General Stats

  • This quiz has been taken 27 times
  • The average score is 7 of 11

Answer Stats

Decline City % Correct
−5.74%Detroit
100%
−2.77%Cleveland
88%
−2.47%St. Louis
79%
−0.68%Pittsburgh
71%
−1.69%Buffalo
71%
−1.01%Baltimore
63%
−3.03%Toledo
58%
−0.80%Rochester
50%
−0.04%Birmingham
38%
−2.79%Montgomery
21%
−0.77%Baton Rouge
17%

Score Distribution

Percentile by Number Answered

Percent of People with Each Score

Your Score History

You have not taken this quiz